Novelas escogidas / (Record no. 134442)

MARC details
000 -LEADER
campo de control de longitud fija 00683nam a2200193 i 4500
001 - NÚMERO DE CONTROL
campo de control 134442
003 - IDENTIFICADOR DE NÚMERO DE CONTROL
campo de control ES-MaACL
005 - FECHA Y HORA DE LA ÚLTIMA TRANSACCIÓN
campo de control 20230906194655.0
007 - CAMPO FIJO DE DESCRIPCIÓN FÍSICA--INFORMACIÓN GENERAL
campo de control de longitud fija t|
008 - DATOS DE LONGITUD FIJA--INFORMACIÓN GENERAL
campo de control de longitud fija 070910s1962 sp ||||1| spa d
100 1# - ENTRADA PRINCIPAL--NOMBRE DE PERSONA
Nombre de persona Quentin, Patrick.
9 (RLIN) 94521
245 10 - MENCIÓN DEL TÍTULO
Título Novelas escogidas /
Mención de responsabilidad, etc. Quentin Patrick [seud. col.].
260 ## - PUBLICACIÓN, DISTRIBUCIÓN, ETC.
Lugar de publicación, distribución, etc. Madrid :
Nombre del editor, distribuidor, etc. Aguilar,
Fecha de publicación, distribución, etc. [1962]
300 ## - DESCRIPCIÓN FÍSICA
Extensión 1193 p. :
Otras características físicas 1 retr. de Wheeler ;
Dimensiones 18 cm.
505 8# - NOTA DE CONTENIDO CON FORMATO
Nota de contenido con formato Contiene: Trío fúnebre. Verdes crecen los juncos. El Círculo escarlata, Muerte, mis queridas hijas. Muerte para la querida Clara
700 1# - ENTRADA AGREGADA--NOMBRE PERSONAL
Nombre de persona Wheeler, Hugh.
9 (RLIN) 116618
700 1# - ENTRADA AGREGADA--NOMBRE PERSONAL
Nombre de persona Webb, Richard Wilson.
9 (RLIN) 116242
852 ## - LOCALIZACIÓN
Ubicación ES-MaACL
Número de control de estantería C-23282
Sublocalización o colección R.51733
Holdings
Estatus retirado Estado de pérdida Estado de daño No para préstamo Biblioteca de origen Biblioteca actual Ubicación en estantería Fecha de adquisición Fuente de adquisición Total de préstamos Signatura topográfica completa Código de barras Visto por última vez Precio de reemplazo Tipo de ítem Koha
        Biblioteca del Ateneo de Madrid Biblioteca del Ateneo de Madrid Depósito 2 17/01/2008     C-23282 1139939 23/02/2023 23/02/2023 Libro impreso